Inscription de l'Anneau Unique - Le Seigneur des Anneaux - Statistiques

Statistiques générales
  • Ce quiz a été pris 3 168 fois
    2 978 depuis la dernière actualisation
  • Le résultat moyen est 21 sur 23
Réponses sur la Carte
Les réponses sont colorées sur une échelle allant du rouge au vert en fonction du pourcentage des utilisateurs qui les ont devinées à leur premier essai. Vous pouvez retrouver ces pourcentages ci-dessous.
 
Statistiques - réponses
Réponse % Correct
Anneau
99%
Anneau
99%
Anneau
99%
les
99%
les
99%
les
99%
les
99%
les
99%
pour
99%
pour
99%
pour
99%
Un
99%
Un
99%
Un
99%
tous.
97%
tous,
97%
gouverner
91%
et
81%
dans
80%
ténèbres
80%
lier.
75%
trouver.
59%
amener
48%
Aucun quiz correspondant
Distribution des résultats
% des personnes avec chaque résultat
Percentile par nombre de réponses
Votre historique - résultats
Vous n’avez pas pris ce quiz depuis la dernière actualisation